All Caribbean Flags - Statistics

General Stats
  • This quiz has been taken 38 times
    35 since last reset
  • The average score is 17 of 24
Answer Stats
Picture Answer % Correct
Cuba
100%
Jamaica
100%
Barbados
96%
Dominica
96%
Dominican Republic
96%
Puerto Rico
96%
Antigua And Barbuda
92%
Haiti
92%
Saint Lucia
88%
Bahamas
84%
Grenada
80%
Saint Vincent And The Grenadines
80%
Saint Kitts And Nevis
76%
Trinidad And Tobago
72%
Aruba
64%
Martinique
64%
Guadeloupe
60%
Virgin Islands
56%
Virgin Islands
56%
Anguilla
44%
Cayman Islands
44%
Turks And Caicos
44%
Montserrat
36%
Sint Maarten
28%
No matching quizzes found
Score Distribution
Percent of People with Each Score
Percentile by Number Answered
Your Score History
You have not taken this quiz since the last reset